000 00827nam0a22002531 4500
001 v19\rc\2018286
005 20250620003713.0
035 _a(NLR Aleph) 005099012
090 _a7372988
_c7372988
100 _a20080925d1903 |||y0rusy50 ca
101 0 _arus
102 _aRU
105 _ay z |||a|
200 1 _aЕ.Р. Романову
_e(По случаю оставления редакции "Могилевских губ. ведомостей")
_e[Стихотворение]
210 _aВильна
_cтип. Подземского
_dценз. 1903
215 _a1 л.
300 _aВ конце текста: С. Б.
702 1 _aРоманов
_bЕ.Р.
_4570
702 0 _aС. Б.
_4220
801 0 _aRU
_bNLR
_gpsbo
801 1 _aRU
_bProSoft-M
_2rusmarc
852 _aNLR
_j34.82.8.873
942 _cBOOK
980 _aNB